| 000 | 00551nam a2200217Ia 4500 | ||
|---|---|---|---|
| 003 | 0100 | ||
| 008 | 130303s9999 xx 000 0 und d | ||
| 020 | _a809133474 | ||
| 040 | _cARRUPELIB | ||
| 050 | _aBT732.7.R5451992 | ||
| 100 | _aRichard, Lucien | ||
| 245 | _aWhat are they saying about the theology of suffering | ||
| 260 | _aNew York | ||
| 260 | _bPaulist Press | ||
| 260 | _C1992 | ||
| 300 | _aiii | ||
| 300 | _b 163 p. 21 cm | ||
| 650 | _bion christianity and literature United States | ||
| 700 | _aLucien Richard | ||
| 942 | 0 | 0 | _01 |
| 999 |
_c10852 _d10852 |
||